00928cam a22003015a 4500001001000000003000400010005001700014008004100031020001500072020001800087040002600105082002000131100002300151245005700174250001200231260003000243300003200273500002000305541003100325650003200356650002800388651001000416653002300426700002700449942000800476999001700484952012500501007840108OSt20180225115352.0040210s2002 enka fr 001 0 eng d a1861526024 a9781861526021 aUkcUkbengdEG-ScBUE04a658.87222bSUL1 aSullivan, Malcolm.10aRetail marketing /cMalcolm Sullivan, Dennis Adcock. a1st ed. aLondon :bThomson,c2002. ax, 350 p. :bill. ;c25 cm. aIncludes index. aDonation from David Kirby. 7aRetail trade.2BUEsh912734 7aMarketing.2BUEsh94499 2BUEsh bGGENcFebruary20181 aAdcock, Dennis.935022 2ddc c26166d26138 00102ddc4070aMAINbMAINc1STd2018-02-25eDonationl1m1o658.87 SULp000047280r2025-07-15 00:00:00s2018-11-25yBB